| 000 | 00816nam a22002537a 4500 | ||
|---|---|---|---|
| 001 | 43136 | ||
| 003 | BD-RjUL | ||
| 005 | 20211209053643.0 | ||
| 008 | 160619s1934 ii a 001 0 eng | ||
| 035 | _a(BD-RjUL)43254 | ||
| 040 |
_aDLC _cDLC _beng |
||
| 041 | _aeng | ||
| 082 |
_223 _a330.954 _bVIP 1934 |
||
| 100 | 1 |
_aVisvesvaraya, M. _q(Mokshagundam), _d1861-1962. _9132454 |
|
| 245 | 1 | 0 |
_aPlanned economy for India / _cby Sir M. Visvesvaraya. |
| 260 |
_aBangalore : _bBangalore Press, _c1934. |
||
| 300 |
_axii, 430 p. ; _c21 cm. |
||
| 500 | _aIncludes index. | ||
| 651 | 0 |
_aIndia _xEconomic conditions. _9132455 |
|
| 651 | 0 |
_aIndia _xEconomic policy. _9132456 |
|
| 830 | 0 |
_aSAMP early 20th-century Indian books project ; _vitem 08805. _9116619 |
|
| 942 |
_2ddc _cBK |
||
| 999 |
_c43136 _d43136 |
||